000 00497nam a2200181Ia 4500
001 21455
005 20260306172920.0
008 260306t2009||||xx |||||||||||||| ||spa||
041 _aESP
082 _a345
_bR84
100 _aRosas Yataco, Jorge
_eAUT
245 0 _aManual de derecho procesal penal con aplicación al nuevo proceso penal:
_bdecreto legislativo Nº 957
260 _c2009
300 _a1149 páginas :
_c24 cm.
650 _aGEN
654 _aCDE
942 _cLIB
_dJUS
_fJUS
_2ddc
_n
999 _c21455
_d21455